Impact of Macroeconomic Factors on Firm Performance: Empirical Evidence from India

Pochopenie makroekonomických faktorov je nevyhnutné pre všetky firmy pôsobiace v ekonomike. Investičné rozhodnutia, rozhodnutia o financovaní a riadenie rizík firiem sú ovplyvnené existujúcimi makroekonomickými faktormi, čo ovplyvňuje ich výkonnosť. Tento článok skúma vplyv makroekonomických faktoro...

Descrizione completa

Salvato in:
Dettagli Bibliografici
Autore principale: Mitra, Gaurav
Altri autori: Gupta, Vandana, Gupta, Gaurav
Natura: Capitolo di libro
Lingua:inglese
Soggetti:
Tags: Aggiungi Tag
Nessun Tag, puoi essere il primo ad aggiungerne!!

MARC

LEADER 00000naa a2200000 4500
001 0299399
005 20240227101143.0
041 0 |a eng 
044 |a UA 
245 1 0 |a Impact of Macroeconomic Factors on Firm Performance: Empirical Evidence from India  |c Gaurav Mitra, Vandana Gupta, Gaurav Gupta 
520 |a Pochopenie makroekonomických faktorov je nevyhnutné pre všetky firmy pôsobiace v ekonomike. Investičné rozhodnutia, rozhodnutia o financovaní a riadenie rizík firiem sú ovplyvnené existujúcimi makroekonomickými faktormi, čo ovplyvňuje ich výkonnosť. Tento článok skúma vplyv makroekonomických faktorov na výkonnosť indických výrobných firiem. V tomto skúmaní sa na analýzu vplyvu výkonnosti firmy od finančného roku 2004-05 do 2021-22 používa dvojstupňová zovšeobecnená metóda momentového modelu. Výkonnosť firmy je aproximovaná dvoma účtovnými mierami a trhovou mierou, menovite návratnosťou aktív, návratnosťou vlastného kapitálu a Tobinovým Q, pričom makroekonomický faktor je aproximovaný ročným tempom rastu hrubého domáceho produktu. 
610 2 0 |a makroekonomika 
610 2 0 |a firmy 
610 2 0 |a riziko 
610 2 0 |a produkt domáci hrubý 
610 2 0 |a výkonnosť 
100 1 |a Mitra, Gaurav 
700 1 |a Gupta, Vandana 
700 1 |a Gupta, Gaurav